[Event "Belgrade-chT Quality"]
[Site "Belgrade"]
[Date "2022.10.08"]
[Round "7.4"]
[White "Nedeljkovic, Dragan"]
[Black "Svicevic, Rastko"]
[Result "1/2-1/2"]
[WhiteElo "2035"]
[BlackElo "2175"]
[PlyCount "101"]
[EventDate "2022.10.01"]
[EventType "team-tourn"]
[EventRounds "11"]
[EventCountry "SRB"]
[SourceTitle "EXT 2024"]
[Source "ChessBase"]
[SourceDate "2023.10.10"]
[SourceVersion "1"]
[SourceVersionDate "2023.10.10"]
[SourceQuality "1"]
[WhiteTeam "Belgrade PTT"]
[BlackTeam "Belgrade Radnicki"]
[WhiteTeamCountry "SRB"]
[BlackTeamCountry "SRB"]

1. e4 c5 2. Nf3 Nc6 3. Bb5 e5 4. Bxc6 dxc6 5. h3 Bd6 6. d3 Ne7 7. Nc3 Ng6 8. Be3 0-0 9. Qd2 Qc7 10. 0-0 Nf4 11. Bxf4 exf4 12. e5 Bxe5 13. Nxe5 Qxe5 14. Rae1 Qf6 15. Re4 f3 16. Qe3 fxg2 17. Kxg2 Bf5 18. Re5 b6 19. Kh2 Rad8 20. Qf4 Bxd3 21. Qxf6 gxf6 22. Rg1+ Kh8 23. Re7 Bxc2 24. Rxa7 Rd2 25. Rg2 b5 26. f3 Rxg2+ 27. Kxg2 Kg7 28. Rc7 b4 29. Ne4 Bxe4 30. fxe4 Rd8 31. Rxc6 Rd2+ 32. Kf3 Rxb2 33. Rxc5 Rxa2 34. Rb5 Rb2 35. Kg4 Kg6 36. Rb6 Kg7 37. Kh5 b3 38. h4 Rb1 39. Rb8 b2 40. Rb4 Kf8 41. Rb7 h6 42. Rb8+ Ke7 43. Kxh6 Rh1 44. Rb7+ Ke6 45. Rb6+ Ke5 46. Rxb2 Rxh4+ 47. Kg7 Rxe4 48. Rb5+ Ke6 49. Rb6+ Ke7 50. Rb7+ Ke6 51. Rb6+ 1/2-1/2

[Event "Belgrade Trophy 34th"]
[Site "Belgrade"]
[Date "2020.11.26"]
[Round "3"]
[White "Zubic, Aleksandar"]
[Black "Nedeljkovic, Dragan"]
[Result "0-1"]
[WhiteElo "1905"]
[BlackElo "2113"]
[PlyCount "158"]
[EventDate "2020.11.24"]
[EventType "swiss"]
[EventRounds "9"]
[EventCountry "SRB"]
[SourceTitle "CBM 199 Extra"]
[Source "ChessBase"]
[SourceDate "2021.01.31"]
[SourceVersion "1"]
[SourceVersionDate "2021.01.31"]
[SourceQuality "1"]

1. e4 c5 2. Nf3 e6 3. d4 cxd4 4. Nxd4 a6 5. Nc3 Qc7 6. a3 Nf6 7. Be2 b5 8. Be3 Bb7 9. f3 d5 10. exd5 Nxd5 11. Nxd5 Bxd5 12. Qd2 Nd7 13. 0-0 Nb6 14. b3 Bc5 15. Bd3 Bd6 16. Bxb5+ axb5 17. Nxb5 Bxh2+ 18. Kh1 Qe5 19. Bxb6 Bg3 20. Rfd1 Qh5+ 21. Kg1 Qh2+ 22. Kf1 Qh1+ 23. Bg1 0-0 24. c4 Bb7 25. Qg5 Bh4 26. Qg4 f5 27. Qf4 Bf6 28. Ra2 g5 29. Qh2 Qxh2 30. Bxh2 g4 31. Nc7 gxf3 32. gxf3 Bxf3 33. Rd3 Be4 34. Rg3+ Kf7 35. Nxa8 Rxa8 36. Rh3 Kg6 37. Ke2 Bb1 38. Rd2 Rxa3 39. Rd6 Bc2 40. Rb6 h5 41. Bf4 h4 42. c5 Bd4 43. Be3 Bxb3 44. Bxd4 Bc4+ 45. Kf2 Rxh3 46. c6 Rh2+ 47. Ke3 Re2+ 48. Kf3 Rc2 49. Kf4 Bd5 50. Rb7 Rxc6 51. Rg7+ Kh6 52. Rg8 Rc4 53. Rh8+ Kg6 54. Ke5 Rxd4 55. Kxd4 Kg5 56. Ke3 f4+ 57. Ke2 e5 58. Re8 Kf5 59. Rh8 Kg4 60. Rd8 Be6 61. Re8 Kf5 62. Rh8 Kg5 63. Re8 Kf6 64. Rh8 h3 65. Rh6+ Ke7 66. Kf3 Bd5+ 67. Kg4 Bg2 68. Rh8 Kd6 69. Rd8+ Ke6 70. Re8+ Kf6 71. Rh8 Ke7 72. Rh6 Kd7 73. Rh7+ Kd6 74. Rh8 Kd5 75. Rd8+ Ke4 76. Rh8 Ke3 77. Re8 e4 78. Rh8 f3 79. Kg3 f2 0-1

[Event "Belgrade-chT"]
[Site "Belgrade"]
[Date "2020.10.05"]
[Round "2.4"]
[White "Nedeljkovic, Dragan"]
[Black "Svicevic, Rastko"]
[Result "0-1"]
[WhiteElo "2121"]
[BlackElo "2215"]
[PlyCount "40"]
[EventDate "2020.10.04"]
[EventType "team-tourn"]
[EventRounds "9"]
[EventCountry "SRB"]
[SourceTitle "EXT 2022"]
[Source "ChessBase"]
[SourceDate "2021.10.06"]
[SourceVersion "1"]
[SourceVersionDate "2021.10.06"]
[SourceQuality "1"]
[WhiteTeam "Belgrade PTT"]
[BlackTeam "Politika"]
[WhiteTeamCountry "SRB"]
[BlackTeamCountry "SRB"]

1. e4 c5 2. c3 d5 3. exd5 Nf6 4. d4 Nxd5 5. Nf3 cxd4 6. Qxd4 e6 7. Ne5 f6 8. Bb5+ Nd7 9. Nf3 a6 10. Ba4 b5 11. Bc2 Bb7 12. 0-0 Qb6 13. Qg4 0-0-0 14. a4 g5 15. axb5 axb5 16. Nd4 Bc5 17. Na3 Nf4 18. Bxf4 gxf4 19. Qe2 Rhg8 20. Be4 Ne5 0-1

[Event "Belgrade-chT"]
[Site "Belgrade"]
[Date "2019.09.24"]
[Round "2.3"]
[White "Nedeljkovic, Dragan"]
[Black "Savic, Mihailo S"]
[Result "1/2-1/2"]
[WhiteElo "2149"]
[BlackElo "2094"]
[PlyCount "70"]
[EventDate "2019.09.23"]
[EventType "team-tourn"]
[EventRounds "11"]
[EventCountry "SRB"]
[SourceTitle "EXT 2020"]
[Source "ChessBase"]
[SourceDate "2019.10.17"]
[SourceVersion "1"]
[SourceVersionDate "2019.10.17"]
[SourceQuality "1"]
[WhiteTeam "Belgrade PTT"]
[BlackTeam "Belgrade"]
[WhiteTeamCountry "SRB"]
[BlackTeamCountry "SRB"]

1. e4 e6 2. d4 d5 3. Nd2 Nf6 4. e5 Nfd7 5. Bd3 c5 6. c3 Nc6 7. Ne2 cxd4 8. cxd4 f6 9. exf6 Nxf6 10. Nf3 Bd6 11. 0-0 0-0 12. Bg5 Qc7 13. Bh4 Bd7 14. Bg3 Rae8 15. Nc3 a6 16. Rc1 Bf4 17. Bb1 Qd6 18. Ne2 Bxg3 19. Nxg3 g6 20. Qd2 e5 21. dxe5 Nxe5 22. Nxe5 Rxe5 23. Qd4 Rfe8 24. a3 Kg7 25. f4 R5e7 26. f5 Qe5 27. Qxe5 Rxe5 28. fxg6 hxg6 29. Rc7 b5 30. Ba2 R8e7 31. Ra7 Bc8 32. Rxe7+ Rxe7 33. Rd1 Bb7 34. h3 Kf7 35. Kf2 Rc7 1/2-1/2

[Event "Belgrade-chT Quality"]
[Site "Belgrade"]
[Date "2018.09.20"]
[Round "4.2"]
[White "Djokic, Nenad"]
[Black "Nedeljkovic, Dragan"]
[Result "1-0"]
[WhiteElo "2321"]
[BlackElo "2170"]
[PlyCount "138"]
[EventDate "2018.09.17"]
[EventType "team-tourn"]
[EventRounds "11"]
[EventCountry "SRB"]
[SourceTitle "CBM 186 Extra"]
[Source "ChessBase"]
[SourceDate "2018.08.24"]
[SourceVersion "1"]
[SourceVersionDate "2018.08.24"]
[SourceQuality "1"]
[WhiteTeam "Belgrade CC"]
[BlackTeam "Belgrade PTT"]
[WhiteTeamCountry "SRB"]
[BlackTeamCountry "SRB"]

1. d4 c5 2. d5 Nf6 3. Nc3 d6 4. e4 g6 5. Nf3 Bg7 6. Be2 Bg4 7. 0-0 0-0 8. Bf4 Bxf3 9. Bxf3 Nbd7 10. Qd2 Ne8 11. Rfe1 b5 12. Bh6 Nc7 13. Bxg7 Kxg7 14. Be2 b4 15. Nd1 h5 16. Ne3 Ne8 17. Bxh5 Nef6 18. Bf3 Ne5 19. Qe2 Rh8 20. Nc4 Nfd7 21. g3 Nxc4 22. Qxc4 Ne5 23. Qe2 Nxf3+ 24. Qxf3 f6 25. Qg4 Rh5 26. h4 Qc8 27. Qxc8 Rxc8 28. Kg2 Rc7 29. f4 a5 30. a4 c4 31. Rad1 Rc5 32. Kf3 c3 33. b3 Rc8 34. Rh1 Rch8 35. Rh3 g5 36. Rdh1 Kg6 37. R1h2 R5h7 38. Kg4 gxf4 39. h5+ Kh6 40. gxf4 Rg8+ 41. Kf5 Rg1 42. Re3 Rhg7 43. Ree2 Rd1 44. Ke6 Rd4 45. Rhf2 Rd1 46. Kd7 Rd4 47. Kc6 Rg8 48. e5 dxe5 49. fxe5 Rd8 50. d6 fxe5 51. dxe7 R8d6+ 52. Kc7 Rd7+ 53. Kb6 Rxe7 54. Kxa5 e4 55. Kb5 Re5+ 56. Kc6 e3 57. Rf3 Rde4 58. a5 Rxa5 59. Rfxe3 Rxe3 60. Rxe3 Ra2 61. Re2 Ra5 62. Rh2 Rf5 63. Rh4 Rf2 64. Rxb4 Kxh5 65. Rc4 Rxc2 66. b4 Kg5 67. b5 Kf6 68. b6 Rh2 69. b7 Rh6 1-0

[Event "Belgrade-chT Premier"]
[Site "Belgrade"]
[Date "2017.09.21"]
[Round "4.1"]
[White "Nedeljkovic, Dragan"]
[Black "Kocic, Sasa"]
[Result "1/2-1/2"]
[WhiteElo "2169"]
[BlackElo "2227"]
[PlyCount "55"]
[EventDate "2017.09.18"]
[EventType "team"]
[EventRounds "9"]
[EventCountry "SRB"]
[SourceTitle "CBM 180 Extra"]
[Source "ChessBase"]
[SourceDate "2017.10.06"]
[SourceVersion "1"]
[SourceVersionDate "2017.10.06"]
[SourceQuality "1"]
[WhiteTeam "Belgrade PTT"]
[BlackTeam "Rudovci Radnicki"]
[WhiteTeamCountry "SRB"]
[BlackTeamCountry "SRB"]

1. e4 c5 2. c3 d5 3. exd5 Qxd5 4. d4 Nf6 5. Nf3 Bg4 6. Be2 e6 7. h3 Bh5 8. Na3 Nc6 9. 0-0 Be7 10. Nb5 Qd8 11. dxc5 Bxc5 12. Nfd4 Bxe2 13. Qxe2 Nxd4 14. cxd4 Be7 15. Qf3 Qd7 16. Nc3 0-0 17. Rd1 Rfd8 18. Bg5 Nd5 19. Nxd5 Bxg5 20. Nc3 Bf6 21. d5 b6 22. dxe6 Qxe6 23. Nd5 Be5 24. Rac1 Rac8 25. Rxc8 Rxc8 26. b3 Bd6 27. Qg4 f5 28. Qf3 1/2-1/2

[Event "Belgrade-chT Quality"]
[Site "Belgrade"]
[Date "2016.10.09"]
[Round "4.5"]
[White "Nedeljkovic, Dragan"]
[Black "Tadic, Stefan"]
[Result "0-1"]
[WhiteElo "2165"]
[BlackElo "2106"]
[PlyCount "62"]
[EventDate "2016.10.01"]
[EventType "team-tourn"]
[EventRounds "11"]
[EventCountry "SRB"]
[SourceTitle "EXT 2018"]
[Source "ChessBase"]
[SourceDate "2017.10.13"]
[SourceVersion "1"]
[SourceVersionDate "2017.10.13"]
[SourceQuality "1"]

1. e4 c5 2. Nf3 a6 3. c3 d5 4. exd5 Nf6 5. d4 cxd4 6. c4 e6 7. Qa4+ Bd7 8. Qb3 Bc5 9. Be2 0-0 10. 0-0 exd5 11. cxd5 Re8 12. Bd3 Bg4 13. Nbd2 Nbd7 14. h3 Bh5 15. g4 Bg6 16. Bxg6 hxg6 17. Qd3 Ne5 18. Nxe5 Rxe5 19. b4 Ba7 20. d6 Rd5 21. Nc4 b5 22. Na5 Qxd6 23. Bd2 Re8 24. Rac1 Ne4 25. Rc6 Qd7 26. Re1 Nxd2 27. Rxe8+ Qxe8 28. Qxd2 d3 29. Rxa6 Qe2 30. Nb3 Bxf2+ 31. Kh1 Qf1+ 0-1

[Event "Belgrade Trophy 29th"]
[Site "Belgrade"]
[Date "2015.11.27"]
[Round "4"]
[White "Bojanic, Denis"]
[Black "Nedeljkovic, Dragan"]
[Result "1/2-1/2"]
[WhiteElo "2020"]
[BlackElo "2187"]
[PlyCount "36"]
[EventDate "2015.11.24"]
[EventType "swiss"]
[EventRounds "9"]
[EventCountry "SRB"]
[SourceTitle "CBM 170 Extra"]
[Source "ChessBase"]
[SourceDate "2016.02.25"]
[SourceVersion "1"]
[SourceVersionDate "2016.02.25"]
[SourceQuality "1"]

1. e4 c6 2. d4 d5 3. e5 Bf5 4. Ne2 e6 5. Ng3 Bg6 6. h4 h5 7. Be2 Be7 8. Nxh5 Bxh5 9. Bxh5 g6 10. Be2 Rxh4 11. Rxh4 Bxh4 12. Be3 Bg5 13. Qd2 Bxe3 14. Qxe3 Qh4 15. Nd2 Nh6 16. Nf3 Qh1+ 17. Bf1 Nf5 18. Qg5 Nd7 1/2-1/2